00909nam a22002657a 45000010005000000030006000050050017000110080041000280200018000690400029000870500013001160820011001291000018001402450067001582600042002253000056002674900049003235050008003725200082003805210030004625210020004926500048005126500051005607000032006115558FISKH20250530124343.0241217b cb ||||| |||| 00| 0 eng d a9780531212899 aFISKHbengcFISKHdFISKH aND623.L5 a709.24 aVenezia, Mike aLeonardo Da Vinci / cWritten and illustrated by Mike Venezia  aNew York :bChildren's Press ;c2015. a32 pages : bcolor illustrations , maps; c25 cm .  aGetting to know the world's greatest artists aS  aTraces the life of the Renaissance artist and analyses some of his paintings.8 a790 bLexile estimate 8 aS bRaz-Plus  aLeonardo, da, Vinci, vJuvenile literature  aArtist- Italy- BiographyvJuvenile literature  aMollman, Sarah eConsultant